Los Nuevos nazis /

Gorde:
Xehetasun bibliografikoak
Egile nagusia: Dieterich Steffan, Heinz
Formatua: Texto
Gaiak:
Etiketak: Etiketa erantsi
Etiketarik gabe, Izan zaitez lehena erregistro honi etiketa jartzen!

MARC

LEADER 00000 a a2200000 04500
001 18256
003
040
100 |a Dieterich Steffan, Heinz  
245 |a Los Nuevos nazis /  |c Heinz Dieterich Steffan 
650 |a GUERRA  
650 |a MEDIOS DE COMUNICACION DE MASAS  
773 |g número 95; páginas 117-119  
999 |c 31277  |d 31277